00419nam a22001577a 450000500170000001000150001702000260003203500140005803700130007208200120008510000220009724500500011926000290016927000430019830000200024120190501114959.0 aENG-125115 a9789381382103c400.00 aEN-108647 bDBAD/PUB a332.024 aLakhotio, Subhash a108 investment mantras /cby Subhash Lakhotio aNoidabAmrit Booksc2011 aPlot No-231, Sector-15AbNoidae201301 a167p.c22cm(Hb)